01499nam a2200349 a 4500001001200000003000800012006001900020007001500039008004100054010001700095020002800112040002100140035002100161043001200182050002200194082002500216100002700241245010900268260004700377300002400424490001800448504006400466533015200530650007300682650005900755650006200814650005200876655002900928710001700957830004900974856012601023ebr10225151CaPaEBRm u cr cn|||||||||060906s2007 nyua sb 001 0 eng  z 2006029528 z1593321317 (alk. paper) aCaPaEBRcCaPaEBR a(OCoLC)490992645 an-us-ca14aHV41b.T78 2007eb04a362.84/9510794612221 aTseng, Winston,d1971-10aImmigrant community services in Chinese and Vietnamese enclavesh[electronic resource] /cWinston Tseng. aNew York :bLFB Scholarly Pub. LLC,c2007. axii, 304 p. :bill.1 aNew Americans aIncludes bibliographical references (p. 283-299) and index. aElectronic reproduction.bPalo Alto, Calif. :cebrary,d2013.nAvailable via World Wide Web.nAccess may be limited to ebrary affiliated libraries. 0aCommunity-based social serviceszCaliforniazSan Francisco Bay Area. 0aChinese AmericanszCaliforniazSan Francisco Bay Area. 0aVietnamese AmericanszCaliforniazSan Francisco Bay Area. 0aImmigrantszCaliforniazSan Francisco Bay Area. 7aElectronic books.2local2 aebrary, Inc. 0aNew Americans (LFB Scholarly Publishing LLC)40uhttp://site.ebrary.com/lib/rucke/Doc?id=10225151zAn electronic book accessible through the World Wide Web; click to view